|
|
|
|
| LEADER |
00000nam0a2200000 4500 |
| 001 |
267020 |
| 005 |
20231031223656.0 |
| 020 |
|
|
|a RU
|b 87-4789
|
| 035 |
|
|
|a (RuTPU)RU\TPU\book\290040
|
| 090 |
|
|
|a 267020
|
| 100 |
|
|
|a 20140718d1987 km y0rusy5003 ca
|
| 101 |
0 |
|
|a rus
|
| 102 |
|
|
|a RU
|
| 105 |
|
|
|a a z 001zy
|
| 200 |
1 |
|
|a Машинопись и делопроизводство
|f А. Н. Кузнецова
|
| 205 |
|
|
|a 2-е изд., испр.
|
| 210 |
|
|
|a Москва
|c Изд-во ДОСААФ
|d 1987
|
| 215 |
|
|
|a 220 с.
|c ил.
|
| 333 |
|
|
|a Исключено из фонда НТБ ТПУ
|
| 700 |
|
1 |
|a Кузнецова
|b А. Н.
|g Антонина Никифоровна
|
| 801 |
|
0 |
|a RU
|b RuMRKP
|c 19950417
|g psbo
|
| 801 |
|
1 |
|a RU
|b 63413507
|c 20140718
|
| 801 |
|
2 |
|a RU
|b 63413507
|c 20220303
|g RCR
|
| 942 |
|
|
|c BK
|